000 00620nam a22002177a 4500
001 86556
003 UA-OsUOA
005 20211105205405.0
007 ta
008 20120906b un ||||| |||| 00| 0 ukr d
040 _aUA-OsUOA
_brus
_cUA-OsUOA
_dUA-OsUOA
041 _arus
080 _a94(470+571)
090 _a94(470+571)
_bС76
245 _aСсылка и каторга в Сибири: XVIII - начало ХХ в.
_cотв. ред. Горюшкин Л. М.
260 _aНовосибирск
_bНаука
_c1975
300 _a305 с.
650 7 _a94 Історія
_2UDC
942 _cBK
_2udc
955 _a1
999 _c372651
_d372651